Prime market bulletin (Record no. 107674)
[ view plain ]
| 000 -LEADER | |
|---|---|
| fixed length control field | 01219cad a22002295a 4500 |
| 001 - CONTROL NUMBER | |
| control field | L141456 |
| 008 - FIXED-LENGTH DATA ELEMENTS--GENERAL INFORMATION | |
| fixed length control field | 070807s2007 xxkd f s 000 0 eng d |
| 035 ## - SYSTEM CONTROL NUMBER | |
| System control number | (Sirsi) u141456 |
| 041 0# - LANGUAGE CODE | |
| Language code of text/sound track or separate title | eng |
| 050 04 - LIBRARY OF CONGRESS CALL NUMBER | |
| Classification number | 333.33 $2 18 |
| 110 2# - MAIN ENTRY--CORPORATE NAME | |
| Corporate name or jurisdiction name as entry element | Savills Research |
| 9 (RLIN) | 5211 |
| 245 00 - TITLE STATEMENT | |
| Title | Prime market bulletin |
| Remainder of title | autumn 2007 |
| Medium | [electronic resource] |
| 260 ## - PUBLICATION, DISTRIBUTION, ETC. | |
| Place of publication, distribution, etc. | London |
| Name of publisher, distributor, etc. | Savills Research |
| Date of publication, distribution, etc. | 2007 |
| 520 ## - SUMMARY, ETC. | |
| Summary, etc. | Finds that growth in prime central London residential values is not reaching earlier expectations. Reduces the growth prediction in these properties from 22% to 18%. Prime property is still expected to outperform other markets. The current market environment is reflected in the low quarterly growth of country houses. More caution amongst owner occupier and investor markets is predicted. This may lead to an increase in tenant demand and decline in rental supply which will support rental values. |
| 590 ## - LOCAL NOTE (RLIN) | |
| Local note | KA |
| 651 #4 - SUBJECT ADDED ENTRY--GEOGRAPHIC NAME | |
| Geographic name | United Kingdom |
| Chronological subdivision | |
| 690 ## - LOCAL SUBJECT ADDED ENTRY--TOPICAL TERM (OCLC, RLIN) | |
| Topical term or geographic name as entry element | PROPERTY-RESIDENTIAL PROPERTY-RESIDENTIAL PROPERTY MARKET |
| 700 1# - ADDED ENTRY--PERSONAL NAME | |
| Personal name | Black, Harriet |
| 700 1# - ADDED ENTRY--PERSONAL NAME | |
| Personal name | Cook, Lucian |
| 856 40 - ELECTRONIC LOCATION AND ACCESS | |
| Uniform Resource Identifier | <a href="https://www.savills.co.uk/research/Report.aspx?nodeID=8978">https://www.savills.co.uk/research/Report.aspx?nodeID=8978</a> |
| Public note | View the item free of charge at www.savills.co.uk... |
| 942 ## - ADDED ENTRY ELEMENTS (KOHA) | |
| Suppress in OPAC | 0 |
| Withdrawn status | Lost status | Source of classification or shelving scheme | Damaged status | Not for loan | Home library | Current library | Shelving location | Date acquired | Total Checkouts | Full call number | Barcode | Date last seen | Copy number | Price effective from | Koha item type |
|---|---|---|---|---|---|---|---|---|---|---|---|---|---|---|---|
| Dewey Decimal Classification | Virtual | Virtual | Online | 26/11/2007 | ONLINE PUBLICATION | 141456-1001 | 06/08/2019 | 1 | 06/08/2019 | Book |